Normal view
MARC view
Entry Personal Name
001 - CONTROL NUMBER
- control field: 24268
003 - CONTROL NUMBER IDENTIFIER
- control field: ARRUPE
005 - DATE AND TIME OF LATEST TRANSACTION
- control field: 20160429084352.0
008 - FIXED-LENGTH DATA ELEMENTS
- fixed length control field: 160429|| aca||aabn | a|a d
040 ## - CATALOGING SOURCE
- Original cataloging agency: ARRUPE
- Transcribing agency: ARRUPE
100 ## - HEADING--PERSONAL NAME
- Personal name: Stringer, Denise L.
670 ## - SOURCE DATA FOUND
- Source citation: Work cat.: (ARRUPE): Stringer, Denise L., Kingdom sayings of Jesus, 2003